000 00825nam0a22002291i 4500
001 rc\4127943
005 20240724152759.0
021 _aRU
_bА2990-52
035 _a(NLR Aleph) 007984023
090 _a8537276
_c8537276
100 _a20130415d1952 |||y0rusy50 ca
101 0 _arus
102 _aRU
105 _ay d |||||
200 1 _aОб алкалоидах василистника
_eСтроение таликмина и таликмидина
_eАвтореферат дис. на соискание учен. степени канд. хим. наук
_fАкад. наук Узб. ССР. Ин-т химии
210 _aТашкент
_d1952
215 _a8 с.
_d23
700 1 _aПрогрессов
_bН.Н.
801 0 _aRU
_bNLR
_gpsbo
801 1 _aRU
_bELAR
_2rusmarc
852 _aNLR
_jХ02 Г-6/367
942 _cBOOK